親愛的,我有了 : (Record no. 38692)
[ view plain ]
| 000 -LEADER | |
|---|---|
| fixed length control field | 00574nam a22001937a 4500 |
| 008 - FIXED-LENGTH DATA ELEMENTS--GENERAL INFORMATION | |
| fixed length control field | 150701s1995 ch ||||| |||| 00| 0 chi d |
| 020 ## - INTERNATIONAL STANDARD BOOK NUMBER | |
| International Standard Book Number | 9575501454 (平裝): |
| 040 ## - CATALOGING SOURCE | |
| Original cataloging agency | FJU |
| 041 1# - LANGUAGE CODE | |
| Language code of text/sound track or separate title | chi |
| Language code of original and/or intermediate translations of text | eng |
| 050 ## - LIBRARY OF CONGRESS CALL NUMBER | |
| Classification number | HQ769.3 |
| 245 10 - TITLE STATEMENT | |
| Title | 親愛的,我有了 : |
| Remainder of title | 作好準父母的準備 / |
| Statement of responsibility, etc | 134位關心兒童成長的專家與父母作 ; 何婉麗, 何雩譯 |
| 250 ## - EDITION STATEMENT | |
| Edition statement | 初版 |
| 260 ## - PUBLICATION, DISTRIBUTION, ETC. (IMPRINT) | |
| Place of publication, distribution, etc | 臺北市 : |
| Name of publisher, distributor, etc | 基督中國主日, |
| Date of publication, distribution, etc | 1995 |
| 300 ## - PHYSICAL DESCRIPTION | |
| Extent | 323面 |
| 490 ## - SERIES STATEMENT | |
| Series statement | 親親寶貝系列 |
| 700 1# - ADDED ENTRY--PERSONAL NAME | |
| Personal name | 何婉麗, |
| Relator term | 譯 |
| 700 1# - ADDED ENTRY--PERSONAL NAME | |
| Personal name | 何雩, |
| Relator term | 譯 |
| 942 ## - ADDED ENTRY ELEMENTS (KOHA) | |
| Source of classification or shelving scheme | Library of Congress Classification |
| Item type | Books |
| Withdrawn status | Lost status | Source of classification or shelving scheme | Damaged status | Not for loan | Home library | Current library | Shelving location | Date acquired | Accession number | Total Checkouts | Full call number | Barcode | Date last seen | Price effective from | Koha item type |
|---|---|---|---|---|---|---|---|---|---|---|---|---|---|---|---|
| Library of Congress Classification | BSOP Library | BSOP Library | Chinese Books (General Circulation) | 07/01/2015 | C-13178 | CH HQ 769.3 C44 | 00045745 | 07/01/2015 | 07/01/2015 | Books |
